[Event "RA December op"]
[Site "Ottawa CAN"]
[Date "2024.12.07"]
[Round "2.6"]
[White "Kot, Emanuel"]
[Black "Guillemette, Hugo"]
[Result "1/2-1/2"]
[WhiteElo "2200"]
[BlackElo "2262"]
[WhiteFideId "-1"]
[WhiteFideId "-1"]
[PlyCount "76"]
[GameId "2160767905787055"]
[EventDate "2024.12.06"]
[EventType "swiss"]
[EventRounds "5"]
[EventCountry "CAN"]

1. e4 c5 2. Nf3 e6 3. d4 cxd4 4. Nxd4 Nc6 5. Nc3 Qc7 6. Qd3 Nf6 7. Ndb5 Qb8 8. Qg3 d6 9. Be3 a6 10. Nd4 Bd7 11. f4 b5 12. Bd3 b4 13. Nd1 Qb7 14. Nf2 Nxd4 15. Bxd4 Bc6 16. Qe3 Nd7 17. Qg3 Nc5 18. Bxc5 dxc5 19. O-O c4 20. Bxc4 Bxe4 21. Nxe4 Qxe4 22. Bd3 Qd4+ 23. Kh1 Be7 24. Rad1 Qf6 25. Be4 Rc8 26. Qd3 Rd8 27. Bc6+ Kf8 28. Qxa6 Rxd1 29. Rxd1 g6 30. Qc4 Qxb2 31. Qd4 Qxd4 32. Rxd4 Kg7 33. Rd7 Rc8 34. Ba4 Bf6 35. g3 Rc3 36. Rd3 Rc4 37. Kg2 Re4 38. Kf3 Re1 1/2-1/2

[Event "RA December op"]
[Site "Ottawa CAN"]
[Date "2024.12.07"]
[Round "3.4"]
[White "Chiku-Ratte, Olivier-Kenta"]
[Black "Kot, Emanuel"]
[Result "0-1"]
[WhiteElo "2462"]
[BlackElo "2200"]
[WhiteFideId "-1"]
[WhiteFideId "-1"]
[PlyCount "80"]
[GameId "2160767905787062"]
[EventDate "2024.12.06"]
[EventType "swiss"]
[EventRounds "5"]
[EventCountry "CAN"]

1. d4 Nf6 2. c4 e6 3. Nf3 d5 4. g3 Bb4+ 5. Nbd2 dxc4 6. Bg2 b5 7. a3 Be7 8. O-O O-O 9. Qc2 Bb7 10. a4 a6 11. b3 cxb3 12. Nxb3 Be4 13. Qd1 Nbd7 14. Bg5 c5 15. Nbd2 Bd5 16. Re1 cxd4 17. Nxd4 Bxg2 18. Kxg2 Qb6 19. N2f3 h6 20. Bxf6 Nxf6 21. Qb3 b4 22. a5 Qb7 23. Rac1 Rac8 24. Qa4 Ne4 25. Qb3 Bf6 26. Kg1 Rfd8 27. Rxc8 Rxc8 28. Rb1 Bxd4 29. Nxd4 Nd2 30. Qb2 Nxb1 31. Qxb1 b3 32. Qb2 Qb4 33. e3 Qc3 34. Qxb3 Qxb3 35. Nxb3 e5 36. Kg2 Rc3 37. Nd2 Rc5 38. Kf3 Rxa5 39. Ke4 Ra2 40. Kd3 f5 0-1

[Event "RA December op"]
[Site "Ottawa CAN"]
[Date "2024.12.08"]
[Round "4.5"]
[White "Kot, Emanuel"]
[Black "Azar, Sebastien"]
[Result "1-0"]
[WhiteElo "2200"]
[BlackElo "2207"]
[WhiteFideId "-1"]
[WhiteFideId "-1"]
[PlyCount "105"]
[GameId "2160767905787073"]
[EventDate "2024.12.06"]
[EventType "swiss"]
[EventRounds "5"]
[EventCountry "CAN"]

1. e4 c5 2. Nf3 Nc6 3. d4 cxd4 4. Nxd4 Nf6 5. Nc3 d6 6. Bc4 Qb6 7. Nb3 e6 8. Bf4 Ne5 9. Be2 a6 10. Qd2 Be7 11. O-O-O O-O 12. f3 Qc7 13. g4 Rd8 14. g5 Nfd7 15. h4 b5 16. Rdg1 Bb7 17. h5 Nf8 18. a3 Rac8 19. Kb1 Nc4 20. Bxc4 bxc4 21. Nc1 Rb8 22. Ka2 Bc6 23. N1e2 Rb7 24. Rb1 Qc8 25. Nd4 Be8 26. Be3 d5 27. exd5 exd5 28. f4 Ne6 29. Rhf1 Nxd4 30. Bxd4 Qf5 31. Nd1 c3 32. Nxc3 Rc8 33. h6 g6 34. Rfe1 Bb5 35. Re5 Qd7 36. Nxb5 Qxb5 37. Qe2 Bd6 38. Qxb5 Rxb5 39. Re2 Bxf4 40. Rbe1 Rbb8 41. Bf6 Bd6 42. Rd1 Rb5 43. Red2 Kf8 44. Rxd5 Rxd5 45. Rxd5 Rc6 46. c4 Be7 47. Bg7+ Ke8 48. Kb3 Rb6+ 49. Ka4 Re6 50. b4 Re3 51. c5 Rg3 52. c6 Rxg5 53. c7 1-0

[Event "RA December op"]
[Site "Ottawa CAN"]
[Date "2024.12.08"]
[Round "5.1"]
[White "Jaferian, Koosha"]
[Black "Kot, Emanuel"]
[Result "1/2-1/2"]
[WhiteElo "2348"]
[BlackElo "2200"]
[WhiteFideId "-1"]
[WhiteFideId "-1"]
[PlyCount "43"]
[GameId "2160767905787077"]
[EventDate "2024.12.06"]
[EventType "swiss"]
[EventRounds "5"]
[EventCountry "CAN"]

1. e4 e6 2. d4 d5 3. Bd3 dxe4 4. Bxe4 Nf6 5. Bf3 c5 6. Ne2 Be7 7. Nbc3 O-O 8. Be3 cxd4 9. Nxd4 a6 10. Qe2 Qc7 11. O-O-O Bd7 12. g4 Bc6 13. g5 Nfd7 14. Rhg1 Bxf3 15. Qxf3 Nc6 16. Ne4 Nde5 17. Qh5 Ng6 18. Rg3 Rfc8 19. Rh3 Nf8 20. Qe2 Nxd4 21. Bxd4 Qc4 22. Qxc4 1/2-1/2

[Event "National Capital op"]
[Site "Ottawa CAN"]
[Date "2024.11.02"]
[Round "2.3"]
[White "Arsenault, Michel"]
[Black "Kot, Emanuel"]
[Result "0-1"]
[WhiteElo "1925"]
[BlackElo "2179"]
[WhiteFideId "-1"]
[WhiteFideId "-1"]
[PlyCount "48"]
[GameId "2160767905787453"]
[EventDate "2024.11.01"]
[EventType "swiss"]
[EventRounds "5"]
[EventCountry "CAN"]

1. c4 e5 2. g3 Nf6 3. Bg2 d5 4. cxd5 Nxd5 5. Nc3 Nb6 6. Nf3 Nc6 7. O-O Be7 8. d3 O-O 9. a3 Be6 10. b4 a5 11. b5 Nd4 12. Nd2 c6 13. e3 Nxb5 14. Nxb5 cxb5 15. Bb2 f6 16. Qe2 Na4 17. Nf3 Nxb2 18. Qxb2 Qxd3 19. Rfd1 Qc4 20. Bf1 Qc6 21. Be2 b4 22. Rac1 Qb6 23. axb4 Qxb4 24. Qa1 Qb6 0-1

[Event "National Capital op"]
[Site "Ottawa CAN"]
[Date "2024.11.02"]
[Round "3.4"]
[White "Kot, Emanuel"]
[Black "Hong, Zihan"]
[Result "1-0"]
[WhiteElo "2179"]
[BlackElo "1848"]
[WhiteFideId "-1"]
[WhiteFideId "-1"]
[PlyCount "111"]
[GameId "2160767905787461"]
[EventDate "2024.11.01"]
[EventType "swiss"]
[EventRounds "5"]
[EventCountry "CAN"]

1. e4 c5 2. Nf3 g6 3. d4 cxd4 4. Qxd4 Nf6 5. Nc3 Nc6 6. Qa4 d6 7. e5 dxe5 8. Nxe5 Bg7 9. Bb5 O-O 10. Nxc6 bxc6 11. Bxc6 Bd7 12. O-O Bxc6 13. Qxc6 Rc8 14. Qa6 Qc7 15. h3 Rfd8 16. Be3 Nd5 17. Nxd5 Rxd5 18. c3 Rb8 19. Qe2 Rdb5 20. b3 Bxc3 21. Rac1 Qe5 22. f4 Qf6 23. Bxa7 Bd4+ 24. Bxd4 Qxd4+ 25. Kh1 Ra5 26. Rc2 e6 27. Qd2 Qa7 28. Rfc1 Rd5 29. Qf2 Qd7 30. Kh2 Rd3 31. Qc5 Rd8 32. Qe5 Qe8 33. Qf6 Rd2 34. a4 Rxc2 35. Rxc2 Rb8 36. Rd2 Qc8 37. b4 Qc7 38. a5 Kf8 39. b5 Ke8 40. b6 Qb7 41. Rc2 Rc8 42. Rxc8+ Qxc8 43. Qh8+ Kd7 44. Qxc8+ Kxc8 45. a6 h5 46. h4 f6 47. Kg3 f5 48. Kf3 Kb8 49. Ke3 Kc8 50. Kd4 Kd7 51. a7 Kc6 52. a8=Q+ Kd6 53. b7 Kd7 54. b8=R Kc7 55. Qb7+ Kd6 56. Rd8# 1-0

[Event "National Capital op"]
[Site "Ottawa CAN"]
[Date "2024.11.03"]
[Round "4.2"]
[White "Kot, Emanuel"]
[Black "Wiebe, Isaac"]
[Result "1/2-1/2"]
[WhiteElo "2179"]
[BlackElo "2220"]
[WhiteFideId "-1"]
[WhiteFideId "-1"]
[PlyCount "37"]
[GameId "2160767905787466"]
[EventDate "2024.11.01"]
[EventType "swiss"]
[EventRounds "5"]
[EventCountry "CAN"]

1. e4 e5 2. Nf3 Nc6 3. Bb5 g6 4. O-O Bg7 5. c3 a6 6. Ba4 Nge7 7. Re1 O-O 8. d4 exd4 9. Nxd4 b5 10. Bc2 Bb7 11. Be3 d6 12. Nd2 Re8 13. Nxc6 Nxc6 14. Nf3 Na5 15. Bd4 Nc4 16. Bxg7 Kxg7 17. b3 Ne5 18. Nxe5 dxe5 19. Qxd8 1/2-1/2

[Event "National Capital op"]
[Site "Ottawa CAN"]
[Date "2024.11.03"]
[Round "5.3"]
[White "Dukic, Zachary"]
[Black "Kot, Emanuel"]
[Result "1/2-1/2"]
[WhiteElo "2353"]
[BlackElo "2179"]
[WhiteFideId "-1"]
[WhiteFideId "-1"]
[PlyCount "89"]
[GameId "2160767905787475"]
[EventDate "2024.11.01"]
[EventType "swiss"]
[EventRounds "5"]
[EventCountry "CAN"]

1. Nf3 Nf6 2. g3 g6 3. Bg2 Bg7 4. d4 O-O 5. c4 d6 6. Nc3 Nbd7 7. O-O e5 8. e4 exd4 9. Nxd4 Re8 10. Re1 Nc5 11. h3 Bd7 12. Rb1 h6 13. Kh2 h5 14. f3 Ne6 15. Nde2 h4 16. g4 g5 17. Rf1 Nh7 18. Kh1 Nhf8 19. f4 gxf4 20. Nxf4 Nxf4 21. Bxf4 Ng6 22. Bd2 Bc6 23. Qc2 Qd7 24. Rf5 Re5 25. Rbf1 Rf8 26. Nd5 Bxd5 27. exd5 Qe8 28. b4 b6 29. c5 bxc5 30. bxc5 Re2 31. c6 Qe7 32. Bf3 Re5 33. Rb1 Rxf5 34. Qxf5 Bd4 35. a4 Re8 36. Bg5 Qe5 37. Qxe5 Nxe5 38. Kg2 Nxf3 39. Kxf3 Bb6 40. Bf4 Kg7 41. Rb5 a6 42. Rb1 Ba5 43. g5 Kg6 44. Rg1 Rb8 45. Rg4 1/2-1/2

[Event "RA Fall op"]
[Site "Ottawa CAN"]
[Date "2024.09.28"]
[Round "2.9"]
[White "Kot, Emanuel"]
[Black "Pitre, Lucas"]
[Result "1-0"]
[WhiteElo "2114"]
[BlackElo "1893"]
[WhiteFideId "-1"]
[WhiteFideId "-1"]
[PlyCount "61"]
[GameId "2160767905787856"]
[EventDate "2024.09.27"]
[EventType "swiss"]
[EventRounds "5"]
[EventCountry "CAN"]

1. e4 c6 2. d4 d5 3. exd5 cxd5 4. Bd3 Nc6 5. c3 Nf6 6. h3 g6 7. Nf3 Bg7 8. O-O O-O 9. Bf4 Bf5 10. Re1 Qd7 11. Bf1 Rfe8 12. Nbd2 h6 13. Ne5 Nxe5 14. dxe5 Nh7 15. Nf3 g5 16. Bg3 g4 17. Nd4 gxh3 18. Bb5 Qc8 19. Bxe8 Be4 20. f3 Ng5 21. fxe4 hxg2 22. Bxf7+ Kxf7 23. Qh5+ Kg8 24. exd5 Qc4 25. Bf4 Nf7 26. Qf3 Kh8 27. b3 Qc5 28. Kxg2 Rg8 29. Kh1 h5 30. Ne6 Qb5 31. c4 1-0

[Event "RA Fall op"]
[Site "Ottawa CAN"]
[Date "2024.09.28"]
[Round "3.3"]
[White "Sambuev, Bator"]
[Black "Kot, Emanuel"]
[Result "1-0"]
[WhiteElo "2483"]
[BlackElo "2114"]
[WhiteFideId "-1"]
[WhiteFideId "-1"]
[PlyCount "225"]
[GameId "2160767905787861"]
[EventDate "2024.09.27"]
[EventType "swiss"]
[EventRounds "5"]
[EventCountry "CAN"]

1. Nf3 Nf6 2. c4 e6 3. Nc3 d5 4. d4 dxc4 5. Qa4+ c6 6. Qxc4 b5 7. Qd3 a6 8. e4 c5 9. dxc5 Qxd3 10. Bxd3 Bxc5 11. e5 Nd5 12. Nxd5 exd5 13. Ke2 O-O 14. Be3 Bxe3 15. Kxe3 Nc6 16. Rac1 Bb7 17. Rhe1 Rfe8 18. Kd2 Re7 19. e6 f6 20. g4 Rae8 21. Rxc6 Bxc6 22. Nd4 Bb7 23. f4 g6 24. Rc1 Rc8 25. Rg1 Kf8 26. Rg3 Rg7 27. f5 g5 28. Rh3 Re7 29. b4 Kg7 30. Re3 h6 31. Nb3 d4 32. Nxd4 Bd5 33. Ne2 Bxa2 34. Ng3 Rf8 35. Nh5+ Kg8 36. Be4 Bc4 37. Ra3 Rd8+ 38. Ke3 Bxe6 39. fxe6 Rxe6 40. Rc3 Kf8 41. Kf3 Rd4 42. Bf5 Red6 43. Ng3 Rf4+ 44. Ke3 Rc4 45. Rb3 Rdd4 46. Ra3 Rd6 47. Ne4 Rdc6 48. Rd3 Rxb4 49. Rd8+ Ke7 50. Rd7+ Kf8 51. Nd6 Rc3+ 52. Kd2 Ra3 53. Bh7 Rd4+ 54. Kc1 Rxd6 55. Rxd6 Rh3 56. Rd2 h5 57. gxh5 Rxh5 58. Bf5 Rh4 59. h3 Rf4 60. Rd5 Kg7 61. Kd2 Kh6 62. Ke3 Kh5 63. Bc8 Rc4 64. Bg4+ Kh4 65. Rd6 Rf4 66. Bd7 a5 67. Ra6 a4 68. Ra5 f5 69. Rxb5 Kxh3 70. Bxf5+ Kg3 71. Be4 g4 72. Ra5 Rf8 73. Rxa4 Rh8 74. Bf5 Re8+ 75. Kd2 Rg8 76. Ke2 Re8+ 77. Kf1 Rg8 78. Kg1 Rg5 79. Ra3+ Kh4 80. Bd3 Rd5 81. Kf2 Rd6 82. Be2 Rf6+ 83. Kg2 Re6 84. Ra2 Re7 85. Rd2 Re6 86. Bd1 Rb6 87. Rd4 Rg6 88. Rd8 Rc6 89. Rg8 Rc4 90. Be2 Ra4 91. Kf2 Rb4 92. Rh8+ Kg5 93. Ke3 Rb3+ 94. Ke4 Rb4+ 95. Ke5 Ra4 96. Bd1 Rb4 97. Be2 Ra4 98. Bd3 Ra5+ 99. Ke4 Ra4+ 100. Ke3 Rb4 101. Bc2 Rc4 102. Be4 Rc1 103. Bd3 Rc3 104. Rg8+ Kh5 105. Ke4 Ra3 106. Kf5 Kh4 107. Kf4 Kh3 108. Be4 Kh2 109. Rxg4 Ra7 110. Rg2+ Kh3 111. Rd2 Ra4 112. Rd1 Ra2 113. Rd7 1-0

[Event "RA Fall op"]
[Site "Ottawa CAN"]
[Date "2024.09.29"]
[Round "4.9"]
[White "Kot, Emanuel"]
[Black "Fiset, Anais Chloe"]
[Result "1-0"]
[WhiteElo "2114"]
[BlackElo "1889"]
[WhiteFideId "-1"]
[WhiteFideId "-1"]
[PlyCount "45"]
[GameId "2160767905787877"]
[EventDate "2024.09.27"]
[EventType "swiss"]
[EventRounds "5"]
[EventCountry "CAN"]

1. e4 c6 2. d4 d5 3. Nc3 dxe4 4. Nxe4 Nf6 5. Nxf6+ exf6 6. c3 Bf5 7. Ne2 Bd6 8. Ng3 Be6 9. Bd3 O-O 10. O-O g6 11. Bh6 Re8 12. Qd2 Nd7 13. Rfe1 f5 14. Re2 Nb6 15. Rae1 Qd7 16. Nh5 Be7 17. Ng7 Red8 18. Nxe6 fxe6 19. Rxe6 Bd6 20. Bxf5 gxf5 21. Qg5+ Kh8 22. Re7 Bxe7 23. Qg7# 1-0

[Event "CAN-op"]
[Site "Laval CAN"]
[Date "2024.07.14"]
[Round "2.36"]
[White "Bouchard, Jean-Marc"]
[Black "Kot, Emanuel"]
[Result "0-1"]
[WhiteElo "1849"]
[BlackElo "2040"]
[WhiteFideId "-1"]
[WhiteFideId "-1"]
[PlyCount "55"]
[GameId "2160767905867104"]
[EventDate "2024.07.13"]
[EventType "swiss"]
[EventRounds "9"]
[EventCountry "CAN"]

1. b3 d5 2. e3 e5 3. Bb2 Bd6 4. c4 c6 5. cxd5 cxd5 6. Bb5+ Bd7 7. Nc3 Nf6 8. Bxd7+ Qxd7 9. Nge2 O-O 10. d4 e4 11. Ng3 Nc6 12. Nh5 Nxh5 13. Qxh5 Nb4 14. O-O g6 15. Qe2 Qe6 16. Ba3 Nd3 17. Bxd6 Qxd6 18. Qd2 Rac8 19. Ne2 Rc6 20. Nc1 Nb4 21. Rb1 Rc2 22. Qd1 Qa6 23. a4 Rfc8 24. Re1 Nd3 25. Nxd3 exd3 26. b4 d2 27. Rf1 Rc1 28. Qxd2 0-1

[Event "CAN-op"]
[Site "Laval CAN"]
[Date "2024.07.14"]
[Round "3.12"]
[White "Kot, Emanuel"]
[Black "Komarov, Dimitri"]
[Result "0-1"]
[WhiteElo "2040"]
[BlackElo "2444"]
[WhiteFideId "-1"]
[WhiteFideId "-1"]
[PlyCount "46"]
[GameId "2160767905875338"]
[EventDate "2024.07.13"]
[EventType "swiss"]
[EventRounds "9"]
[EventCountry "CAN"]

1. e4 e6 2. d4 d5 3. e5 c5 4. c3 Nc6 5. Nf3 Bd7 6. Be2 Nge7 7. O-O Nf5 8. dxc5 a5 9. Bd3 Bxc5 10. Bxf5 exf5 11. Qxd5 Qb6 12. Ng5 Nd8 13. Na3 h6 14. Nc4 Qb5 15. Nxf7 Nxf7 16. Rd1 O-O 17. a4 Qc6 18. Bxh6 Be6 19. Qxc6 bxc6 20. Be3 Bxe3 21. Nxe3 f4 22. Nf1 Nxe5 23. Re1 Bd5 0-1

[Event "CAN-op"]
[Site "Laval CAN"]
[Date "2024.07.15"]
[Round "4.28"]
[White "Kot, Emanuel"]
[Black "Zhang, Brian"]
[Result "1/2-1/2"]
[WhiteElo "2040"]
[BlackElo "1881"]
[WhiteFideId "-1"]
[WhiteFideId "-1"]
[PlyCount "68"]
[GameId "2160767905875413"]
[EventDate "2024.07.13"]
[EventType "swiss"]
[EventRounds "9"]
[EventCountry "CAN"]

1. e4 c6 2. d4 d5 3. Nc3 dxe4 4. Nxe4 Bf5 5. Ng3 Bg6 6. h4 h6 7. Nf3 e6 8. h5 Bh7 9. Bd3 Bxd3 10. Qxd3 Nf6 11. Bd2 c5 12. O-O-O Nc6 13. Bc3 Qd5 14. dxc5 Qxd3 15. Rxd3 Bxc5 16. Bxf6 gxf6 17. Ne4 Be7 18. a3 Rd8 19. Rhd1 Rxd3 20. Rxd3 Rg8 21. g3 Rg4 22. Nd6+ Bxd6 23. Rxd6 f5 24. Rd1 f4 25. Rg1 e5 26. Nh2 Rg5 27. Nf3 Rxh5 28. gxf4 exf4 29. Rg4 Rf5 30. Nh4 Rf6 31. Ng2 f3 32. Nh4 Kd7 33. Kd2 Ne5 34. Rb4 b6 1/2-1/2

[Event "CAN-op"]
[Site "Laval CAN"]
[Date "2024.07.16"]
[Round "5.27"]
[White "Loadman, Ian"]
[Black "Kot, Emanuel"]
[Result "1/2-1/2"]
[WhiteElo "1894"]
[BlackElo "2040"]
[WhiteFideId "-1"]
[WhiteFideId "-1"]
[PlyCount "69"]
[GameId "2160767905875471"]
[EventDate "2024.07.13"]
[EventType "swiss"]
[EventRounds "9"]
[EventCountry "CAN"]

1. e4 c5 2. Nf3 d6 3. Bb5+ Nd7 4. a4 Ngf6 5. Nc3 g6 6. a5 a6 7. Bc4 Qc7 8. d3 Bg7 9. O-O O-O 10. Bb3 b5 11. axb6 Nxb6 12. Nd2 e6 13. Nc4 Nxc4 14. Bxc4 Bb7 15. Qe2 Nd7 16. Bd2 Nb6 17. Nd1 Nxc4 18. dxc4 d5 19. cxd5 exd5 20. exd5 Bxd5 21. Ne3 Be6 22. Rxa6 Rxa6 23. Qxa6 Bxb2 24. Qa5 Qxa5 25. Bxa5 Ra8 26. Bb6 c4 27. Rd1 Bf6 28. Bd4 Be7 29. Ra1 Rxa1+ 30. Bxa1 Bc5 31. Bf6 Bxe3 32. fxe3 Kf8 33. e4 h5 34. Kf2 Ke8 35. Ke3 1/2-1/2

[Event "CAN-op"]
[Site "Laval CAN"]
[Date "2024.07.16"]
[Round "6.29"]
[White "Kot, Emanuel"]
[Black "Jiang, Barron Jiyu"]
[Result "1/2-1/2"]
[WhiteElo "2040"]
[BlackElo "1870"]
[WhiteFideId "-1"]
[WhiteFideId "-1"]
[PlyCount "37"]
[GameId "2160767905875533"]
[EventDate "2024.07.13"]
[EventType "swiss"]
[EventRounds "9"]
[EventCountry "CAN"]

1. e4 c5 2. Nf3 d6 3. d4 cxd4 4. Nxd4 Nf6 5. Nc3 a6 6. Bd3 e5 7. Nde2 Be7 8. O-O O-O 9. Ng3 Be6 10. Nd5 Nbd7 11. Nxe7+ Qxe7 12. c4 Rfd8 13. a4 Nc5 14. f3 Nxd3 15. Qxd3 Qc7 16. b3 Nd7 17. Be3 Nc5 18. Qc2 b5 19. axb5 1/2-1/2

[Event "CAN-op"]
[Site "Laval CAN"]
[Date "2024.07.17"]
[Round "7.25"]
[White "Leong, Aiden"]
[Black "Kot, Emanuel"]
[Result "0-1"]
[WhiteElo "1909"]
[BlackElo "2040"]
[WhiteFideId "-1"]
[WhiteFideId "-1"]
[PlyCount "147"]
[GameId "2160767905883782"]
[EventDate "2024.07.13"]
[EventType "swiss"]
[EventRounds "9"]
[EventCountry "CAN"]

1. Nf3 Nf6 2. g3 g6 3. b3 Bg7 4. Bb2 O-O 5. Bg2 d6 6. d4 b5 7. c4 bxc4 8. bxc4 Bb7 9. O-O Nbd7 10. Nc3 Rb8 11. Rb1 c5 12. d5 Nb6 13. Qd3 Ba6 14. Nd2 Nxc4 15. Nxc4 Rb4 16. Ba3 Rxc4 17. Qd2 Qa5 18. Bb2 Nd7 19. Ne4 Qxd2 20. Nxd2 Rc2 21. Bxg7 Kxg7 22. Nb3 Rxe2 23. Rfe1 Rxe1+ 24. Rxe1 Re8 25. Na5 Kf8 26. Nc6 Bc4 27. Na5 Ba6 28. Nc6 Nb6 29. a4 Nxa4 30. Ra1 Bb5 31. Nxa7 Nc3 32. Nxb5 Nxb5 33. Rb1 Nd4 34. Rb7 Ra8 35. h4 Ra1+ 36. Kh2 Ra2 37. Kg1 h5 38. Rc7 Rd2 39. Rc8+ Kg7 40. Rc7 Kf6 41. f4 Ne2+ 42. Kf2 Nxf4+ 43. Ke3 Rxg2 44. Kxf4 Rd2 45. Ra7 Rxd5 46. Ra5 Rd3 47. Ra6 c4 48. Rc6 c3 49. g4 Rd4+ 50. Kg3 Rxg4+ 51. Kh3 Rf4 52. Rxc3 d5 53. Rc8 e5 54. Rd8 d4 55. Rd6+ Kf5 56. Rd5 Ke4 57. Rd7 Ke3 58. Kg3 Ke2 59. Rd5 f6 60. Kg2 d3 61. Ra5 d2 62. Ra2 Rxh4 63. Kg1 Rc4 64. Rb2 e4 65. Ra2 e3 66. Kg2 Ke1 67. Kg1 e2 68. Ra3 d1=Q 69. Rg3 Kd2+ 70. Kh2 Rh4+ 71. Rh3 Rxh3+ 72. Kxh3 Qh1+ 73. Kg3 e1=Q+ 74. Kf4 0-1

[Event "CAN-op"]
[Site "Laval CAN"]
[Date "2024.07.18"]
[Round "8"]
[White "Kot, Emanuel"]
[Black "Chen, Richard1"]
[Result "1/2-1/2"]
[WhiteElo "2040"]
[BlackElo "1870"]
[WhiteFideId "-1"]
[WhiteFideId "-1"]
[PlyCount "78"]
[GameId "2160767905883816"]
[EventDate "2024.07.13"]
[EventType "swiss"]
[EventRounds "9"]
[EventCountry "CAN"]
[SourceTitle "EXT 2025"]
[Source "ChessBase"]
[SourceDate "2024.10.14"]
[SourceVersion "1"]
[SourceVersionDate "2024.10.14"]
[SourceQuality "1"]

1. e4 e5 2. Nf3 Nc6 3. Bb5 a6 4. Ba4 Nf6 5. O-O Be7 6. Re1 b5 7. Bb3 d6 8. a4 b4 9. d4 Bg4 10. dxe5 Nxe5 11. Nbd2 O-O 12. h3 Bh5 13. Re3 Nfd7 14. Qe1 Nc5 15. Nxe5 dxe5 16. Bd5 c6 17. Bxc6 Rc8 18. Bd5 Bg5 19. Nc4 Bxe3 20. Bxe3 a5 21. Nxe5 Re8 22. Nc6 Qb6 23. Nd4 Nxe4 24. Ne6 Qd6 25. Nf4 Nf6 26. Bb3 Qe5 27. Nxh5 Nxh5 28. Qd1 Rcd8 29. Qf3 Nf6 30. Rb1 Qe4 31. Qxe4 Nxe4 32. Bb6 Ra8 33. Rd1 Ra6 34. Bc7 Rc8 35. Rd5 Rca8 36. Re5 Nf6 37. Re7 Rf8 38. Re5 Rfa8 39. Re7 Rf8 1/2-1/2

[Event "CAN-op"]
[Site "Laval CAN"]
[Date "2024.07.18"]
[Round "9.26"]
[White "Qin, Kaiqi"]
[Black "Kot, Emanuel"]
[Result "1/2-1/2"]
[WhiteElo "1687"]
[BlackElo "2040"]
[WhiteFideId "-1"]
[WhiteFideId "-1"]
[PlyCount "92"]
[GameId "2160767905883902"]
[EventDate "2024.07.13"]
[EventType "swiss"]
[EventRounds "9"]
[EventCountry "CAN"]

1. e4 c5 2. c3 Nf6 3. e5 Nd5 4. d4 cxd4 5. Nf3 Nc6 6. cxd4 d6 7. Bc4 Nb6 8. Bb5 dxe5 9. Nxe5 Bd7 10. Bxc6 Bxc6 11. Nxc6 bxc6 12. O-O e6 13. Nc3 Be7 14. Bf4 O-O 15. Rc1 Qd7 16. Ne2 Rfd8 17. Qc2 Rac8 18. Rfd1 Qd5 19. Nc3 Qh5 20. Rd3 Qf5 21. Be3 c5 22. Rdd1 Qxc2 23. Rxc2 c4 24. Kf1 Rd7 25. Ne4 f5 26. Nd2 g5 27. g3 Bf6 28. Rdc1 Rdc7 29. a4 a5 30. d5 Nxd5 31. Rxc4 Rxc4 32. Rxc4 Rb8 33. b3 h6 34. Bd4 Be7 35. Rc6 Kf7 36. Ra6 Rb7 37. Ra7 Rxa7 38. Bxa7 Bd8 39. Bd4 Bc7 40. Nc4 Nb4 41. Be5 Bd8 42. Bc3 Nc6 43. Ne5+ Nxe5 44. Bxe5 g4 45. Ke2 Ke8 46. Kd3 Kd7 1/2-1/2

[Event "CYCC U16"]
[Site "Laval CAN"]
[Date "2024.07.09"]
[Round "1.25"]
[White "Winfield, Jordan"]
[Black "Kot, Emanuel"]
[Result "0-1"]
[WhiteElo "1618"]
[BlackElo "2215"]
[WhiteFideId "-1"]
[WhiteFideId "-1"]
[PlyCount "102"]
[GameId "2160767905926025"]
[EventDate "2024.07.09"]
[EventType "swiss"]
[EventRounds "7"]
[EventCountry "CAN"]

1. c4 e5 2. Nc3 Nf6 3. d3 d5 4. cxd5 Nxd5 5. Nf3 Nc6 6. Bd2 Be7 7. Rc1 O-O 8. g3 Re8 9. Bg2 Nb6 10. O-O Bf8 11. Ng5 h6 12. Nf3 Be6 13. Ne1 Qd7 14. f4 exf4 15. Bxf4 Bg4 16. Bf3 Nd4 17. Bxg4 Qxg4 18. Nf3 Nxf3+ 19. Rxf3 c6 20. Ne4 Nd5 21. Kg2 Qe6 22. Kf2 f5 23. Nc3 Bc5+ 24. d4 Bb6 25. Nxd5 Qxd5 26. Rd3 Qxa2 27. Qc2 Qf7 28. e3 Rad8 29. Rcd1 Rd5 30. Qc3 Red8 31. b4 R8d7 32. h4 Bd8 33. Rh1 Be7 34. Rdd1 Rb5 35. Rb1 Qd5 36. Rhg1 Qf7 37. Kf3 Kh7 38. Kf2 Qf8 39. Qd3 Kh8 40. h5 Rdd5 41. g4 fxg4 42. Rxg4 Rxh5 43. Kg3 Qf5 44. e4 Qd7 45. Rf1 Rxb4 46. e5 Qf5 47. Qe2 Rb3+ 48. Kg2 Rb2 49. Qxb2 Qxg4+ 50. Bg3 Qe4+ 51. Rf3 Rf5 0-1

[Event "CYCC U16"]
[Site "Laval CAN"]
[Date "2024.07.09"]
[Round "2.24"]
[White "Kot, Emanuel"]
[Black "Hong, Zihan"]
[Result "1-0"]
[WhiteElo "2215"]
[BlackElo "1793"]
[WhiteFideId "-1"]
[WhiteFideId "-1"]
[PlyCount "91"]
[GameId "2160767905926058"]
[EventDate "2024.07.09"]
[EventType "swiss"]
[EventRounds "7"]
[EventCountry "CAN"]

1. e4 c5 2. Nf3 d6 3. d4 cxd4 4. Nxd4 Nf6 5. Nc3 g6 6. Be3 Bg7 7. f3 Nc6 8. Qd2 O-O 9. Bc4 Bd7 10. O-O-O Rb8 11. Bb3 b5 12. Nxc6 Bxc6 13. e5 Ne8 14. exd6 Nxd6 15. Bxa7 Rb7 16. Bd4 Bxd4 17. Qxd4 Qa5 18. Nd5 Nc4 19. Qc5 Bxd5 20. Rxd5 e6 21. Rd3 Rc7 22. Qd4 Rfc8 23. Qf6 Rc5 24. Rhd1 Rd5 25. Rxd5 exd5 26. Qd4 Rd8 27. Kb1 Qc7 28. g3 Nb6 29. Re1 Nc4 30. f4 h6 31. c3 Qd6 32. Re2 Kh7 33. f5 gxf5 34. Bc2 Qg6 35. g4 Rg8 36. gxf5 Qg5 37. f6+ Kh8 38. a3 Rf8 39. h4 Qh5 40. Qd3 Qg6 41. Qd4 Qh5 42. Rg2 Rg8 43. Rxg8+ Kxg8 44. Qg1+ Kf8 45. Qc5+ Kg8 46. Qc8# 1-0

[Event "CYCC U16"]
[Site "Laval CAN"]
[Date "2024.07.10"]
[Round "3.23"]
[White "Zhang, Brian"]
[Black "Kot, Emanuel"]
[Result "1/2-1/2"]
[WhiteElo "2043"]
[BlackElo "2215"]
[WhiteFideId "-1"]
[WhiteFideId "-1"]
[PlyCount "45"]
[GameId "2160767905926092"]
[EventDate "2024.07.09"]
[EventType "swiss"]
[EventRounds "7"]
[EventCountry "CAN"]

1. e4 c5 2. Nf3 d6 3. d4 cxd4 4. Nxd4 Nf6 5. Nc3 Nc6 6. Bb5 Bd7 7. Bg5 e6 8. Qd3 Be7 9. O-O-O Rc8 10. Bxc6 bxc6 11. Nb3 e5 12. f4 Bg4 13. Rd2 Be6 14. f5 Bxb3 15. axb3 Qa5 16. Kb1 O-O 17. Rhd1 Rfd8 18. Qe2 Qc7 19. h4 h6 20. Bxf6 Bxf6 21. g3 Rd7 22. Qc4 Rcd8 23. Qa6 1/2-1/2

[Event "CYCC U16"]
[Site "Laval CAN"]
[Date "2024.07.10"]
[Round "4.26"]
[White "Kot, Emanuel"]
[Black "Zhang, Daniel"]
[Result "1-0"]
[WhiteElo "2215"]
[BlackElo "1822"]
[WhiteFideId "-1"]
[WhiteFideId "-1"]
[PlyCount "45"]
[GameId "2160767905926129"]
[EventDate "2024.07.09"]
[EventType "swiss"]
[EventRounds "7"]
[EventCountry "CAN"]

1. e4 c5 2. Nf3 d6 3. d4 cxd4 4. Nxd4 Nf6 5. Nc3 a6 6. Bd3 e6 7. f4 Be7 8. e5 dxe5 9. fxe5 Nfd7 10. Nxe6 fxe6 11. Qh5+ Kf8 12. O-O+ Nf6 13. exf6 Bxf6 14. Ne4 Nd7 15. Bh6 Rg8 16. Ng5 Qe8 17. Nxh7+ Ke7 18. Bg6 Qd8 19. Bg5 Bxg5 20. Qxg5+ Nf6 21. Rad1 Qb6+ 22. Kh1 Qxb2 23. Qc5# 1-0